La palabra de los sueños : (Registro nro. 13821)

Detalles MARC
000 -LEADER
fixed length control field 00823nam a2200241 a 4500
001 - CONTROL NUMBER
control field
003 - CONTROL NUMBER IDENTIFIER
control field DO-SdBNP
005 - DATE AND TIME OF LATEST TRANSACTION
control field 20211025084734.0
008 - FIXED-LENGTH DATA ELEMENTS--GENERAL INFORMATION
fixed length control field 111108s2011 dr ac 001 0 spa d
040 ## - CATALOGING SOURCE
Original cataloging agency DO-SdBNP
Language of cataloging spa
Transcribing agency BPMSU
082 ## - DEWEY DECIMAL CLASSIFICATION NUMBER
Classification number 320.97293
Item number S211p 2011
Edition number 22
100 1# - MAIN ENTRY--PERSONAL NAME
Personal name Sánchez, Norys
245 13 - TITLE STATEMENT
Title La palabra de los sueños :
Remainder of title entrevistas /
Statement of responsibility, etc. Norys Sánchez.
260 ## - PUBLICATION, DISTRIBUTION, ETC. (IMPRINT)
Place of publication, distribution, etc. Santo Domingo :
Name of publisher, distributor, etc. Búho,
Date of publication, distribution, etc. 2011.
300 ## - PHYSICAL DESCRIPTION
Extent 315 p. :
Other physical details il., retrs. ;
Dimensions 23 cm.
500 ## - GENERAL NOTE
General note Incluye datos biográficos del autor en la solapa de la contracubierta.
590 ## - LOCAL NOTE (RLIN)
Local note Inventariado, 2021/VM
650 #4 - SUBJECT ADDED ENTRY--TOPICAL TERM
Topical term or geographic name as entry element Políticos dominicanos
Chronological subdivision Siglo XX
General subdivision Entrevistas
650 #4 - SUBJECT ADDED ENTRY--TOPICAL TERM
Topical term or geographic name as entry element Participación política
Geographic subdivision República Dominicana
General subdivision Entrevistas
650 #4 - SUBJECT ADDED ENTRY--TOPICAL TERM
Topical term or geographic name as entry element Intelectuales
Chronological subdivision Siglo XX
General subdivision Entrevistas
910 ## - USER-OPTION DATA (OCLC)
User-option data VMateo V.
942 ## - ADDED ENTRY ELEMENTS (KOHA)
Source of classification or shelving scheme Dewey Decimal Classification
Koha item type Libros
Existencias
Withdrawn status Lost status Source of classification or shelving scheme Damaged status Not for loan Collection code Home library Current library Date acquired Source of acquisition Total Checkouts Full call number Barcode Date last seen Price effective from Koha item type
    Dewey Decimal Classification     Colección Dominicana Biblioteca Pública Metropolitana Salomé Ureña Biblioteca Pública Metropolitana Salomé Ureña 10/25/2021 Compra   BPMSU CD 320.97293 S211p 2011 BPMSU21100147 10/25/2021 10/25/2021 Libros